| 000 | 00604nam a2200205 i 4500 | ||
|---|---|---|---|
| 001 | 49386 | ||
| 003 | ES-MaACL | ||
| 005 | 20231222195326.0 | ||
| 007 | t| | ||
| 008 | 030715s1906 sp ||||1| spa d | ||
| 100 | 1 |
_aCortón, Antonio. _940957 |
|
| 245 | 1 | 0 |
_aEspronceda / _cAntonio Cortón. |
| 260 |
_aMadrid : _bCasa Editorial, _c1906 ( _fImp. particular de "La última moda") |
||
| 300 |
_a315 p. ; _c19 cm. |
||
| 490 | 1 | _aAutores célebres | |
| 600 | 1 | 4 |
_aEspronceda, José de, _d1808-1842 _947951 |
| 830 | 0 |
_aAutores célebres _9184380 |
|
| 852 |
_aES-MaACL _jD-1263 |
||
| 999 |
_c49386 _d49386 |
||